000 00417nam a2200169Ia 4500
003 OSt
005 20240203101220.0
008 170524s9999 xx 000 0 und d
020 _a978-8183713016
022 _2978-8183713016
040 _cIIMT UNIVERSITY
100 _aChobra - T. N.
245 0 _aOrganizational Structure and Personal Management
260 _bSun india Pub.
260 _c2004
942 _2ddc
_c02
999 _c6381
_d6381